000
00419nam a22001697a 4500
003
MPLRDC
005
20220104143210.0
008
210129b ||||| |||| 00| 0 eng d
082
_a
411.3 WBX
100
_a
王本祥编著
245
_a
蜜峰产品的医疗效能
_c
250
_a
一版一刷
260
_a
_b
吉林人民出版社
_c
1981
300
_b
平
650
_a
营养与食品
942
_c
BK
_o
411.3 WBX
999
_c
37578
_d
37568